[Event "MCR_CF06"]
[Site "?"]
[Date "2005.??.??"]
[Round "?"]
[White "Izing, Stefan ml."]
[Black "Voboril, Pavel"]
[Result "1-0"]
[WhiteElo "2002"]
[BlackElo "2004"]
[PlyCount "23"]
[EventDate "2005.??.??"]
[EventType "corr"]
[EventRounds "2"]
[SourceDate "2005.10.20"]

1. d4 Nf6 2. Nc3 e6 3. e4 d5 4. Bg5 dxe4 5. Nxe4 Nbd7 6. Nf3 Be7 7. Nxf6+ gxf6
8. Bh6 c6 9. Qd2 Rg8 10. O-O-O f5 11. Rg1 Nb6 12. Kb1 1-0

[Event "MCR_CF06"]
[Site "?"]
[Date "2005.??.??"]
[Round "?"]
[White "Voboril, Pavel"]
[Black "Cvak, Rudolf"]
[Result "0-1"]
[WhiteElo "2004"]
[BlackElo "2040"]
[PlyCount "30"]
[EventDate "2005.??.??"]
[EventType "corr"]
[EventRounds "2"]
[SourceDate "2005.10.20"]

1. e4 e6 2. d4 d5 3. Nc3 Bb4 4. e5 c5 5. a3 Bxc3+ 6. bxc3 Ne7 7. Nf3 Nbc6 8. a4
Qa5 9. Qd2 f6 10. Ba3 fxe5 11. Bxc5 e4 12. Ng1 O-O 13. Bb5 Rf6 14. Ne2 a6 15.
Bxe7 Nxe7 0-1

[Event "MCR_CF06"]
[Site "?"]
[Date "2005.??.??"]
[Round "?"]
[White "Houdek, Vladimir"]
[Black "Voboril, Pavel"]
[Result "1-0"]
[WhiteElo "2155"]
[BlackElo "2004"]
[PlyCount "39"]
[EventDate "2005.??.??"]
[EventType "corr"]
[EventRounds "2"]
[SourceDate "2005.10.20"]

1. e4 c5 2. Nf3 e6 3. d4 cxd4 4. Nxd4 a6 5. Bd3 Bc5 6. Nb3 Ba7 7. O-O Nc6 8.
Qe2 Qh4 9. N1d2 Ne5 10. Nf3 Nxf3+ 11. Qxf3 Qf6 12. Qg3 Bb8 13. f4 Ba7+ 14. Kh1
h5 15. e5 h4 16. Qh3 Qd8 17. f5 d5 18. Qg4 Ne7 19. f6 gxf6 20. exf6 1-0

[Event "MCR_CF06"]
[Site "?"]
[Date "2005.??.??"]
[Round "?"]
[White "Cvak, Rudolf"]
[Black "Sojka, Vaclav"]
[Result "1-0"]
[WhiteElo "2040"]
[BlackElo "2000"]
[PlyCount "51"]
[EventDate "2005.??.??"]
[EventType "corr"]
[EventRounds "2"]
[SourceDate "2005.10.20"]

1. e4 c5 2. Nf3 Nc6 3. d4 cxd4 4. Nxd4 Nf6 5. Nc3 e5 6. Ndb5 d6 7. Bg5 a6 8.
Na3 b5 9. Bxf6 gxf6 10. Nd5 f5 11. Bxb5 axb5 12. Nxb5 Ra4 13. b4 Rxb4 14. Nbc7+
Kd7 15. O-O Rb7 16. Qh5 Ne7 17. Qxf7 Rxc7 18. Nb6+ Kc6 19. Rab1 Kb7 20. Nd7+
Ka6 21. Rb3 Rxd7 22. Ra3+ Kb7 23. Rb1+ Qb6 24. Rab3 Kc7 25. Rxb6 fxe4 26. R6b3
1-0

[Event "MCR_CF06"]
[Site "?"]
[Date "2005.??.??"]
[Round "?"]
[White "Voboril, Pavel"]
[Black "Houdek, Vladimir"]
[Result "1/2-1/2"]
[WhiteElo "2004"]
[BlackElo "2155"]
[PlyCount "54"]
[EventDate "2005.??.??"]
[EventType "corr"]
[EventRounds "2"]
[SourceDate "2005.10.20"]

1. e4 e5 2. Nf3 Nc6 3. Bb5 a6 4. Ba4 Nf6 5. O-O Be7 6. Bxc6 dxc6 7. d3 Nd7 8.
Nbd2 O-O 9. Nc4 f6 10. d4 exd4 11. Qxd4 Ne5 12. Ncxe5 Qxd4 13. Nxd4 fxe5 14.
Nb3 a5 15. Be3 b6 16. Rfd1 Be6 17. Rd2 a4 18. Nc1 Bf6 19. Kf1 Rfd8 20. Ke2 c5
21. a3 Rxd2+ 22. Bxd2 Rd8 23. Bc3 c4 24. Ke1 Kf7 25. Ne2 c5 26. Rd1 Rxd1+ 27.
Kxd1 Bd7 1/2-1/2

[Event "MCR_CF06"]
[Site "?"]
[Date "2005.??.??"]
[Round "?"]
[White "Voboril, Pavel"]
[Black "Sojka, Vaclav"]
[Result "0-1"]
[WhiteElo "2004"]
[BlackElo "2000"]
[PlyCount "32"]
[EventDate "2005.??.??"]
[EventType "corr"]
[EventRounds "2"]
[SourceDate "2005.10.20"]

1. e4 c5 2. Nf3 Nc6 3. Bb5 e6 4. Bxc6 bxc6 5. d3 Ne7 6. O-O Ng6 7. Nc3 Be7 8.
Ne2 O-O 9. b3 Qc7 10. Bb2 e5 11. Qd2 d5 12. Rfb1 Bg4 13. Ne1 a5 14. f3 Be6 15.
Nc3 Nh4 16. Ne2 f5 0-1

[Event "MCR_CF06"]
[Site "?"]
[Date "2005.??.??"]
[Round "?"]
[White "Cvak, Rudolf"]
[Black "Voboril, Pavel"]
[Result "1-0"]
[WhiteElo "2040"]
[BlackElo "2004"]
[PlyCount "47"]
[EventDate "2005.??.??"]
[EventType "corr"]
[EventRounds "2"]
[SourceDate "2005.10.20"]

1. e4 c5 2. f4 e6 3. Nf3 Nc6 4. Bb5 Nge7 5. O-O Qb6 6. c4 a6 7. Ba4 d6 8. Nc3
Bd7 9. f5 exf5 10. exf5 f6 11. d4 cxd4 12. Nd5 Nxd5 13. cxd5 d3+ 14. Kh1 Ne5
15. Nxe5 dxe5 16. Bxd7+ Kxd7 17. Qxd3 Bd6 18. Qg3 Rag8 19. Be3 Qb4 20. Rac1 Ke7
21. Rc3 Qe4 22. Bc5 Qxd5 23. Rfc1 g6 24. Bxd6+ 1-0

[Event "MCR_CF06"]
[Site "?"]
[Date "2005.??.??"]
[Round "?"]
[White "Voboril, Pavel"]
[Black "Izing, Stefan ml."]
[Result "0-1"]
[WhiteElo "2004"]
[BlackElo "2002"]
[PlyCount "20"]
[EventDate "2005.??.??"]
[EventType "corr"]
[EventRounds "2"]
[SourceDate "2005.10.20"]

1. e4 c6 2. Nc3 d5 3. Qf3 d4 4. Nce2 e5 5. g4 Be6 6. Qg3 d3 7. cxd3 Na6 8. Nc3
Nb4 9. Kd1 h5 10. g5 Ne7 0-1

[Event "MCR_CF06"]
[Site "?"]
[Date "2005.??.??"]
[Round "?"]
[White "Houdek, Vladimir"]
[Black "Cvak, Rudolf"]
[Result "0-1"]
[WhiteElo "2155"]
[BlackElo "2040"]
[PlyCount "64"]
[EventDate "2005.??.??"]
[EventType "corr"]
[EventRounds "2"]
[SourceDate "2005.10.20"]

1. e4 c5 2. Nf3 Nc6 3. Bb5 g6 4. O-O Bg7 5. c3 e5 6. d4 cxd4 7. cxd4 exd4 8.
Bf4 a6 9. Bc4 d6 10. Nbd2 Nf6 11. Re1 O-O 12. Rc1 h6 13. h3 d5 14. Bd3 dxe4 15.
Nxe4 Be6 16. Nc5 Bxa2 17. Nxb7 Qb6 18. Nd6 Bd5 19. Nc4 Qb7 20. Nfe5 Nxe5 21.
Bxe5 Bxg2 22. Nd6 Qf3 23. Bf1 Qxd1 24. Rcxd1 Bxf1 25. Kxf1 Rfd8 26. Rxd4 Nh5
27. Bxg7 Nxg7 28. Ree4 Rab8 29. Nc4 Rxd4 30. Rxd4 Ne6 31. Rd7 Nf4 32. h4 Rb4
0-1

[Event "MCR_CF06"]
[Site "?"]
[Date "2005.??.??"]
[Round "?"]
[White "Houdek, Vladimir"]
[Black "Sojka, Vaclav"]
[Result "1/2-1/2"]
[WhiteElo "2155"]
[BlackElo "2000"]
[PlyCount "53"]
[EventDate "2005.??.??"]
[EventType "corr"]
[EventRounds "2"]
[SourceDate "2005.10.20"]

1. e4 c5 2. Nf3 Nc6 3. Bb5 e6 4. O-O Nge7 5. c3 a6 6. Ba4 b5 7. Bc2 Bb7 8. d4
cxd4 9. cxd4 Nb4 10. Bd3 Rc8 11. Nc3 Nxd3 12. Qxd3 b4 13. Ne2 Qc7 14. d5 Ng6
15. Rd1 exd5 16. exd5 Qc2 17. a3 Qxd3 18. Rxd3 Ne7 19. d6 Bxf3 20. dxe7 Bxe2
21. exf8=Q+ Kxf8 22. Rxd7 Bb5 23. Rb7 bxa3 24. bxa3 h6 25. Bf4 Kg8 26. h4 Bc4
27. Rc1 1/2-1/2

[Event "MCR_CF06"]
[Site "?"]
[Date "2005.??.??"]
[Round "?"]
[White "Cvak, Rudolf"]
[Black "Goc, Pavel"]
[Result "1-0"]
[WhiteElo "2040"]
[BlackElo "2106"]
[PlyCount "61"]
[EventDate "2005.??.??"]
[EventType "corr"]
[EventRounds "2"]
[SourceDate "2005.10.20"]

1. e4 e5 2. Nf3 Nc6 3. Bc4 Bc5 4. b4 Bxb4 5. c3 Ba5 6. d4 d6 7. Qb3 Qd7 8. dxe5
Bb6 9. Nbd2 Na5 10. Qc2 Nxc4 11. Nxc4 d5 12. Bg5 Qg4 13. O-O-O Qxg2 14. Qd3 f6
15. Rhg1 Qxf2 16. exf6 gxf6 17. exd5 Qxa2 18. Qe4+ Kf7 19. Rde1 Bxg1 20. Qe8+
Kg7 21. Re7+ Nxe7 22. Qxe7+ Kg8 23. Qd8+ Kg7 24. Qxf6+ Kg8 25. Qd8+ Kg7 26.
Bh6+ Kg6 27. Qg5+ Kf7 28. Qg7+ Ke8 29. Qxh8+ Ke7 30. Bg5+ Kf7 31. Nfe5# 1-0

[Event "MCR_CF06"]
[Site "?"]
[Date "2005.??.??"]
[Round "?"]
[White "Goc, Pavel"]
[Black "Izing, Stefan ml."]
[Result "1/2-1/2"]
[WhiteElo "2106"]
[BlackElo "2002"]
[PlyCount "45"]
[EventDate "2005.??.??"]
[EventType "corr"]
[EventRounds "2"]
[SourceDate "2005.10.20"]

1. e4 e5 2. Nf3 Nc6 3. d4 exd4 4. c3 d5 5. exd5 Qxd5 6. cxd4 Bb4+ 7. Nc3 Nf6 8.
Be2 Ne4 9. Bd2 Bxc3 10. bxc3 O-O 11. O-O Nxd2 12. Nxd2 Bf5 13. Qb3 Qxb3 14.
axb3 a6 15. Bf3 Bd7 16. Ne4 b6 17. Ra2 Rfe8 18. Rfa1 a5 19. Re2 Rad8 20. Rae1
Kf8 21. g4 h6 22. g5 hxg5 23. Nxg5 1/2-1/2

[Event "MCR_CF06"]
[Site "?"]
[Date "2005.??.??"]
[Round "?"]
[White "Izing, Stefan ml."]
[Black "Goc, Pavel"]
[Result "1/2-1/2"]
[WhiteElo "2002"]
[BlackElo "2106"]
[PlyCount "54"]
[EventDate "2005.??.??"]
[EventType "corr"]
[EventRounds "2"]
[SourceDate "2005.10.20"]

1. e4 e5 2. Nf3 Nc6 3. Bb5 a6 4. Ba4 Nf6 5. O-O Be7 6. Re1 b5 7. Bb3 d6 8. c3
O-O 9. h3 Na5 10. Bc2 c5 11. d4 Qc7 12. Nbd2 cxd4 13. cxd4 Bb7 14. Nf1 Rac8 15.
Bd3 d5 16. exd5 e4 17. Bxe4 Nxe4 18. Rxe4 Bxd5 19. Bf4 Qb7 20. Re1 Bb4 21. Bd2
Bxf3 22. Qxf3 Qxf3 23. gxf3 Bxd2 24. Nxd2 Rc2 25. Ne4 Rxb2 26. Nc5 Nc6 27. d5
Nd4 1/2-1/2

[Event "MCR_CF06"]
[Site "?"]
[Date "2005.??.??"]
[Round "?"]
[White "Sojka, Vaclav"]
[Black "Cvak, Rudolf"]
[Result "1/2-1/2"]
[WhiteElo "2000"]
[BlackElo "2040"]
[PlyCount "78"]
[EventDate "2005.??.??"]
[EventType "corr"]
[EventRounds "2"]
[SourceDate "2005.10.20"]

1. d4 d5 2. c4 c6 3. Nf3 e6 4. Qc2 Nf6 5. e3 Nbd7 6. Nc3 Bd6 7. Be2 dxc4 8.
Bxc4 e5 9. O-O O-O 10. Bb3 Qa5 11. Bd2 exd4 12. Ne4 Bb4 13. Bxb4 Qxb4 14. Nxd4
Nxe4 15. Qxe4 Nf6 16. Qf4 c5 17. Qd6 Bg4 18. Rfc1 Rac8 19. h3 Rfd8 20. Qe7 Bh5
21. Nf5 Qb6 22. Qe5 Qc7 23. f4 Kf8 24. Ng3 Bg6 25. Qxc7 Rxc7 26. f5 Bh5 27. e4
Re8 28. Rc2 b5 29. Bd5 c4 30. a4 a6 31. b3 c3 32. axb5 axb5 33. b4 g6 34. Rac1
gxf5 35. Rxc3 Rxc3 36. Rxc3 fxe4 37. Bc6 Re5 38. Kf2 Bg6 39. Ne2 Nd5 1/2-1/2

[Event "MCR_CF06"]
[Site "?"]
[Date "2005.??.??"]
[Round "?"]
[White "Goc, Pavel"]
[Black "Cvak, Rudolf"]
[Result "0-1"]
[WhiteElo "2106"]
[BlackElo "2040"]
[PlyCount "56"]
[EventDate "2005.??.??"]
[EventType "corr"]
[EventRounds "2"]
[SourceDate "2005.10.20"]

1. e4 c5 2. Nf3 Nc6 3. d4 cxd4 4. Nxd4 Nf6 5. Nc3 e5 6. Ndb5 d6 7. Bg5 a6 8.
Na3 b5 9. Bxf6 gxf6 10. Nd5 f5 11. c3 Bg7 12. exf5 Bxf5 13. Nc2 Be6 14. Nce3
O-O 15. Bd3 f5 16. O-O Kh8 17. Qh5 e4 18. Bc2 Ne7 19. Rfd1 Be5 20. Rd2 Nxd5 21.
Nxd5 Rg8 22. Rad1 Ra7 23. a4 Rag7 24. Ne3 Rg5 25. Qh3 Qd7 26. Qh4 Qf7 27. Rxd6
Bxd6 28. Rxd6 f4 0-1

[Event "MCR_CF06"]
[Site "?"]
[Date "2005.??.??"]
[Round "?"]
[White "Goc, Pavel"]
[Black "Voboril, Pavel"]
[Result "1-0"]
[WhiteElo "2106"]
[BlackElo "2004"]
[PlyCount "33"]
[EventDate "2005.??.??"]
[EventType "corr"]
[EventRounds "2"]
[SourceDate "2005.10.20"]

1. e4 c5 2. Nf3 e6 3. d4 cxd4 4. Nxd4 a6 5. Bd3 Bc5 6. Nb3 Ba7 7. O-O Nc6 8.
Qe2 Qh4 9. N1d2 Ne5 10. Na5 Qd8 11. Nac4 Qc7 12. Nxe5 Qxe5 13. Nc4 Qc7 14. Qg4
g6 15. Bf4 Qd8 16. Nd6+ Kf8 17. Qf3 1-0

[Event "MCR_CF06"]
[Site "?"]
[Date "2005.??.??"]
[Round "?"]
[White "Voboril, Pavel"]
[Black "Goc, Pavel"]
[Result "0-1"]
[WhiteElo "2004"]
[BlackElo "2106"]
[PlyCount "42"]
[EventDate "2005.??.??"]
[EventType "corr"]
[EventRounds "2"]
[SourceDate "2005.10.20"]

1. e4 e5 2. Nf3 Nc6 3. Bb5 a6 4. Ba4 Nf6 5. O-O Be7 6. Bxc6 dxc6 7. d3 Nd7 8.
Nbd2 O-O 9. Nc4 f6 10. d4 exd4 11. Qxd4 Ne5 12. Ncxe5 Qxd4 13. Nxd4 fxe5 14.
Nb3 a5 15. Be3 a4 16. Nc1 b6 17. Nd3 Ba6 18. Rfd1 Bd6 19. Kf1 c5 20. Kg1 c4 21.
Ne1 b5 0-1

[Event "MCR_CF06"]
[Site "?"]
[Date "2005.??.??"]
[Round "?"]
[White "Houdek, Vladimir"]
[Black "Izing, Stefan ml."]
[Result "0-1"]
[WhiteElo "2155"]
[BlackElo "2002"]
[PlyCount "60"]
[EventDate "2005.??.??"]
[EventType "corr"]
[EventRounds "2"]
[SourceDate "2005.10.20"]

1. e4 e5 2. Nf3 Nc6 3. Bb5 a6 4. Ba4 Nf6 5. O-O Be7 6. Re1 b5 7. Bb3 O-O 8. d4
d6 9. c3 Bg4 10. d5 Na5 11. Bc2 c6 12. h3 Bc8 13. dxc6 Qc7 14. Nbd2 Qxc6 15.
Nf1 Be6 16. Ng3 Rac8 17. Nh4 Rfe8 18. Nhf5 Bf8 19. Bg5 Nd7 20. a4 Nc4 21. axb5
axb5 22. b3 Ncb6 23. Rc1 Kh8 24. Qe2 g6 25. Nh6 Qxc3 26. Qxb5 Qb2 27. Re2 f6
28. Be3 Rc5 29. Qd3 Rc3 30. Qd2 Rec8 0-1

[Event "MCR_CF06"]
[Site "?"]
[Date "2005.??.??"]
[Round "?"]
[White "Sojka, Vaclav"]
[Black "Houdek, Vladimir"]
[Result "1/2-1/2"]
[WhiteElo "2000"]
[BlackElo "2155"]
[PlyCount "72"]
[EventDate "2005.??.??"]
[EventType "corr"]
[EventRounds "2"]
[SourceDate "2005.10.20"]

1. d4 d5 2. c4 dxc4 3. e4 Nc6 4. Nf3 Bg4 5. d5 Ne5 6. Bf4 Ng6 7. Be3 e5 8. Nc3
a6 9. Bxc4 Nf6 10. O-O Bd6 11. Be2 Bd7 12. Nd2 b5 13. Qc2 O-O 14. a3 Rc8 15. a4
b4 16. Na2 a5 17. Nc4 b3 18. Qxb3 Nxe4 19. Qc2 Nf6 20. Rfd1 Ra8 21. Nc3 Bb4 22.
Bd2 Qe7 23. Bg5 Bxc3 24. Qxc3 h6 25. Bxf6 Qxf6 26. Bf3 Ra6 27. g3 Rb8 28. Be4
Bf5 29. Bxf5 Qxf5 30. Nxa5 Rba8 31. b4 e4 32. Qc2 Re8 33. Nc6 Nf4 34. gxf4 Qg4+
35. Kh1 Qf3+ 36. Kg1 Qg4+ 1/2-1/2

[Event "MCR_CF06"]
[Site "?"]
[Date "2005.??.??"]
[Round "?"]
[White "Izing, Stefan ml."]
[Black "Houdek, Vladimir"]
[Result "1/2-1/2"]
[WhiteElo "2002"]
[BlackElo "2155"]
[PlyCount "84"]
[EventDate "2005.??.??"]
[EventType "corr"]
[EventRounds "2"]
[SourceDate "2005.10.20"]

1. e4 e5 2. Nf3 Nc6 3. Bb5 a6 4. Ba4 Nf6 5. O-O Be7 6. Re1 b5 7. Bb3 d6 8. c3
O-O 9. h3 Na5 10. Bc2 c5 11. d4 Qc7 12. Nbd2 cxd4 13. cxd4 Nc6 14. Nb3 a5 15.
Be3 a4 16. Nc1 Nb4 17. Bb1 Bd7 18. a3 Nc6 19. Bg5 h6 20. Bd2 exd4 21. Ne2 Qb6
22. Bf4 Rfe8 23. Nexd4 Rac8 24. b4 Nxd4 25. Qxd4 Qxd4 26. Nxd4 Nh5 27. Be3 Bf6
28. Bd3 Nf4 29. Bxb5 Bxb5 30. Nxb5 Bxa1 31. Rxa1 Ne2+ 32. Kf1 Rc2 33. Re1 Nc3
34. Nxd6 Rd8 35. Bc5 Ra2 36. b5 Rxd6 37. Bxd6 Nxb5 38. Rd1 Kh7 39. g3 Nxa3 40.
Bxa3 Rxa3 41. Rd7 f6 42. Ra7 Ra2 1/2-1/2

[Event "MCR_CF06"]
[Site "?"]
[Date "2005.??.??"]
[Round "?"]
[White "Cvak, Rudolf"]
[Black "Houdek, Vladimir"]
[Result "1-0"]
[WhiteElo "2040"]
[BlackElo "2155"]
[PlyCount "99"]
[EventDate "2005.??.??"]
[EventType "corr"]
[EventRounds "2"]
[SourceDate "2005.10.20"]

1. e4 e5 2. Nf3 Nc6 3. Bc4 Bc5 4. b4 Bb6 5. a4 a6 6. Nc3 Nf6 7. Nd5 O-O 8. a5
Ba7 9. O-O d6 10. c3 Be6 11. d3 h6 12. Nd2 Nb8 13. Qe2 Nbd7 14. Ne3 c6 15. Bxe6
fxe6 16. Ng4 Kh7 17. Nc4 Nxg4 18. Qxg4 d5 19. Nd2 Nf6 20. Qe2 Qc7 21. Nf3 Rae8
22. c4 Nd7 23. Bb2 Bb8 24. Rfb1 Ba7 25. Qc2 d4 26. Qe2 Re7 27. Rc1 Ref7 28. Ba3
Qd6 29. Rcb1 Qc7 30. Bc1 Qd6 31. Ra2 Rc8 32. Ne1 Nf6 33. Qf3 Bb8 34. Qh3 Kg8
35. Nf3 Qe7 36. Bd2 Nd7 37. Qg4 Qf6 38. Rab2 Bc7 39. h4 Rcf8 40. h5 Bd8 41. Qg3
Be7 42. b5 cxb5 43. cxb5 Nc5 44. Qxe5 Nxd3 45. Qxf6 Bxf6 46. Rc2 axb5 47. Rxb5
Rd7 48. Rc4 Rfd8 49. Kf1 e5 50. g3 1-0

[Event "MCR_CF06"]
[Site "?"]
[Date "2005.??.??"]
[Round "?"]
[White "Cvak, Rudolf"]
[Black "Izing, Stefan ml."]
[Result "1-0"]
[WhiteElo "2040"]
[BlackElo "2002"]
[PlyCount "129"]
[EventDate "2005.??.??"]
[EventType "corr"]
[EventRounds "2"]
[SourceDate "2005.10.20"]

1. e4 e5 2. Nf3 Nc6 3. Bb5 a6 4. Ba4 Nf6 5. d4 exd4 6. O-O Be7 7. e5 Ne4 8.
Nxd4 O-O 9. Nf5 d5 10. Bxc6 bxc6 11. Nxe7+ Qxe7 12. Re1 Re8 13. f3 Nd6 14. b3
Nf5 15. Qd2 Nh4 16. Ba3 Qe6 17. Qf2 Ng6 18. Nc3 Qf5 19. Na4 Rxe5 20. Bb2 Rxe1+
21. Rxe1 h6 22. Re8+ Kh7 23. Nc5 Qg5 24. a4 a5 25. h3 Bb7 26. h4 Qf5 27. Re1
Bc8 28. g4 Qf4 29. h5 Nf8 30. Re8 Kg8 31. Rd8 f5 32. Ba3 Bb7 33. Nxb7 Rxd8 34.
Nxd8 fxg4 35. Bxf8 Qxf8 36. Nxc6 Qe8 37. Nd4 Qxh5 38. f4 c5 39. Nc6 g3 40. Qd2
Kf8 41. Ne5 Ke7 42. c3 Kd6 43. Nc4+ Kc6 44. Nxa5+ Kb6 45. b4 g2 46. Qxg2 Qd1+
47. Qf1 Qxa4 48. Qe1 cxb4 49. cxb4 Qd7 50. Kf2 Qf5 51. Qe5 Qc2+ 52. Ke3 Qc1+
53. Kd3 Qd1+ 54. Kc3 Qc1+ 55. Kb3 Qd1+ 56. Ka3 Qc1+ 57. Qb2 Qxb2+ 58. Kxb2 h5
59. Nb3 h4 60. Nd4 h3 61. Nf3 Kb5 62. Kc3 Kb6 63. Kd4 Kb5 64. Kxd5 Kxb4 65. Nh2
1-0

[Event "MCR_CF06"]
[Site "?"]
[Date "2005.??.??"]
[Round "?"]
[White "Izing, Stefan ml."]
[Black "Cvak, Rudolf"]
[Result "1/2-1/2"]
[WhiteElo "2002"]
[BlackElo "2040"]
[PlyCount "117"]
[EventDate "2005.??.??"]
[EventType "corr"]
[EventRounds "2"]
[SourceDate "2005.10.20"]

1. e4 c5 2. Nf3 Nc6 3. d4 cxd4 4. Nxd4 Nf6 5. Nc3 e5 6. Ndb5 d6 7. Bg5 a6 8.
Na3 b5 9. Bxf6 gxf6 10. Nd5 f5 11. Bd3 Be6 12. O-O Bg7 13. Qh5 h6 14. c3 Rc8
15. Nc2 Qg5 16. Qe2 fxe4 17. Bxe4 O-O 18. Nce3 f5 19. f4 Qd8 20. Bc2 Kh8 21.
Rad1 e4 22. Kh1 b4 23. Qxa6 bxc3 24. bxc3 Qa5 25. Qxa5 Nxa5 26. g4 Nc4 27. Nxc4
Rxc4 28. Bb3 Bxd5 29. Rxd5 Rxc3 30. gxf5 Rd3 31. Rxd3 exd3 32. Be6 d2 33. Kg2
Rb8 34. Kf3 Bc3 35. Rg1 Rb4 36. Bb3 Bd4 37. Rf1 Kg7 38. Ke2 Kf6 39. Kxd2 Kxf5
40. Bc2+ Kf6 41. a3 Rc4 42. Kd3 d5 43. Bb3 Rc3+ 44. Kxd4 Rxb3 45. Ra1 Rb5 46.
a4 Ra5 47. Kc3 Kf5 48. Kb4 Ra8 49. Kc5 Ke4 50. a5 d4 51. a6 d3 52. Kb6 d2 53.
Kb7 Rf8 54. a7 Rf7+ 55. Kb6 Rf6+ 56. Kc7 Rf7+ 57. Kb8 Rf8+ 58. Kc7 Rf7+ 59. Kb6
1/2-1/2

[Event "MCR_CF06"]
[Site "?"]
[Date "2005.??.??"]
[Round "?"]
[White "Sojka, Vaclav"]
[Black "Izing, Stefan ml."]
[Result "1/2-1/2"]
[WhiteElo "2000"]
[BlackElo "2002"]
[PlyCount "80"]
[EventDate "2005.??.??"]
[EventType "corr"]
[EventRounds "2"]
[SourceDate "2005.10.20"]

1. d4 d5 2. c4 e6 3. Nf3 Nf6 4. g3 dxc4 5. Bg2 a6 6. O-O Nc6 7. e3 Bd7 8. Nbd2
b5 9. Ne5 Nd5 10. Ndf3 Bd6 11. b3 cxb3 12. axb3 O-O 13. Bd2 a5 14. Nxc6 Bxc6
15. Qc2 Bb7 16. Bxa5 Nf6 17. Rfc1 Be4 18. Qe2 Ra7 19. Bc3 Rxa1 20. Rxa1 Qb8 21.
Bf1 b4 22. Bb2 c5 23. dxc5 Bxc5 24. Bxf6 gxf6 25. Nd2 Bg6 26. Nc4 Rd8 27. h3
Kg7 28. Bg2 Rd3 29. Ra8 Qc7 30. Qa2 Rd8 31. Qa5 Qxa5 32. Rxa5 Bf8 33. Ra2 Rd3
34. Nd2 Rc3 35. Bf1 Rc1 36. Kg2 Bd6 37. Bc4 Be5 38. Kf3 Bc3 39. Ne4 f5 40. Nd6
Rg1 1/2-1/2

[Event "MCR_CF06"]
[Site "?"]
[Date "2005.??.??"]
[Round "?"]
[White "Izing, Stefan ml."]
[Black "Sojka, Vaclav"]
[Result "1-0"]
[WhiteElo "2002"]
[BlackElo "2000"]
[PlyCount "79"]
[EventDate "2005.??.??"]
[EventType "corr"]
[EventRounds "2"]
[SourceDate "2005.10.20"]

1. e4 c5 2. Nf3 Nc6 3. d4 cxd4 4. Nxd4 Nf6 5. Nc3 e5 6. Ndb5 d6 7. Bg5 a6 8.
Na3 b5 9. Bxf6 gxf6 10. Nd5 Bg7 11. c3 f5 12. exf5 Bxf5 13. Nc2 O-O 14. Nce3
Be6 15. Bd3 f5 16. Bc2 Rf7 17. Qh5 b4 18. O-O bxc3 19. bxc3 Rb8 20. Rab1 Rxb1
21. Rxb1 Bf8 22. Bxf5 Rxf5 23. Nxf5 Bxd5 24. Rb7 Ne7 25. Qg5+ Kf7 26. Ra7 a5
27. Qh5+ Kg8 28. h3 h6 29. Nxh6+ Bxh6 30. Qxh6 Kf7 31. Qh7+ Ke6 32. g4 Bc4 33.
h4 Qf8 34. f4 Nc6 35. Rc7 Kd5 36. f5 Kc5 37. Qg7 Qb8 38. Rb7 Qd8 39. f6 a4 40.
Qg6 1-0

[Event "MCR_CF06"]
[Site "?"]
[Date "2005.??.??"]
[Round "?"]
[White "Goc, Pavel"]
[Black "Sojka, Vaclav"]
[Result "0-1"]
[WhiteElo "2106"]
[BlackElo "2000"]
[PlyCount "96"]
[EventDate "2005.??.??"]
[EventType "corr"]
[EventRounds "2"]
[SourceDate "2005.10.20"]

1. e4 c5 2. Nf3 Nc6 3. d4 cxd4 4. Nxd4 Nf6 5. Nc3 e5 6. Ndb5 d6 7. Bg5 a6 8.
Na3 b5 9. Bxf6 gxf6 10. Nd5 Bg7 11. c3 f5 12. exf5 Bxf5 13. Nc2 O-O 14. Nce3
Be6 15. Bd3 f5 16. O-O Kh8 17. Qh5 e4 18. Bc2 Rc8 19. Nf4 Qf6 20. Rfd1 Bg8 21.
a4 b4 22. Nfd5 Qg6 23. Qxg6 hxg6 24. Nf4 Ne5 25. Rxd6 bxc3 26. b4 Rf6 27. Rad1
Kh7 28. h4 Rb8 29. h5 Nc4 30. Rxf6 Bxf6 31. hxg6+ Kh6 32. Nxf5+ Kg5 33. Nd5
Kxf5 34. Bxe4+ Ke5 35. Nxf6 Kxf6 36. Rc1 Ke5 37. Bc6 Kd4 38. b5 Ne5 39. f4 Nxc6
40. bxc6 Rc8 41. f5 Rxc6 42. Kf2 Bb3 43. Ke2 c2 44. Kd2 Ke5 45. g4 Rc4 46. Re1+
Kf6 47. Re6+ Kg5 48. g7 c1=Q+ 0-1

[Event "MCR_CF06"]
[Site "?"]
[Date "2005.??.??"]
[Round "?"]
[White "Goc, Pavel"]
[Black "Houdek, Vladimir"]
[Result "1/2-1/2"]
[WhiteElo "2106"]
[BlackElo "2155"]
[PlyCount "104"]
[EventDate "2005.??.??"]
[EventType "corr"]
[EventRounds "2"]
[SourceDate "2005.10.20"]

1. e4 e5 2. Nf3 Nc6 3. Bb5 a6 4. Ba4 Nf6 5. O-O Be7 6. Re1 b5 7. Bb3 d6 8. c3
O-O 9. h3 Bb7 10. d4 Re8 11. Nbd2 Bf8 12. a4 h6 13. d5 Nb8 14. Qe2 Nbd7 15.
axb5 axb5 16. Rxa8 Qxa8 17. Qxb5 Nc5 18. Bc2 Ba6 19. Qa5 Bd3 20. Qxa8 Rxa8 21.
b4 Bxc2 22. bxc5 Nd7 23. cxd6 cxd6 24. c4 Nc5 25. Bb2 Ra2 26. Bc3 g5 27. Nh2
Kg7 28. Nhf1 h5 29. f3 Na4 30. Re3 Nxc3 31. Rxc3 Bd1 32. Kf2 Be7 33. Ke3 Bd8
34. c5 dxc5 35. Kd3 Ba5 36. Rc1 c4+ 37. Nxc4 Be2+ 38. Ke3 Bxc4 39. Rxc4 Rxg2
40. Rc6 Bb4 41. Rc1 h4 42. Kd3 Rg1 43. Kc4 Be7 44. Rd1 Rh1 45. Ne3 Rxh3 46.
Nf5+ Kf8 47. Ra1 Bd8 48. Ra8 Ke8 49. Nd6+ Ke7 50. Nf5+ Ke8 51. Nd6+ Ke7 52.
Nf5+ Ke8 1/2-1/2

[Event "MCR_CF06"]
[Site "?"]
[Date "2005.??.??"]
[Round "?"]
[White "Sojka, Vaclav"]
[Black "Goc, Pavel"]
[Result "1-0"]
[WhiteElo "2000"]
[BlackElo "2106"]
[PlyCount "107"]
[EventDate "2005.??.??"]
[EventType "corr"]
[EventRounds "2"]
[SourceDate "2005.10.20"]

1. e4 e5 2. Nf3 Nc6 3. d4 exd4 4. Nxd4 Nf6 5. Nxc6 bxc6 6. e5 Qe7 7. Qe2 Nd5 8.
c4 Ba6 9. b3 Qh4 10. a3 Bc5 11. Qf3 Nb6 12. Bd3 O-O 13. Qg3 Qxg3 14. hxg3 h6
15. Ra2 d5 16. Rd2 dxc4 17. Be2 Rab8 18. b4 Be7 19. Nc3 c5 20. b5 Bb7 21. Bf3
Bg5 22. Rc2 Bxc1 23. Rxc1 Rfe8 24. Rh5 f6 25. Bxb7 Rxb7 26. Rd1 Kh7 27. f4 Rbb8
28. Kf2 g6 29. Rhh1 fxe5 30. Rhe1 exf4 31. gxf4 Kg7 32. Rxe8 Rxe8 33. a4 Rf8
34. a5 Nc8 35. g3 g5 36. Kf3 gxf4 37. gxf4 Kg6 38. Rd5 Rf5 39. Rd8 Ne7 40. Rd7
Rh5 41. Kg2 Nf5 42. Rxc7 Ne3+ 43. Kg1 Rf5 44. Rxa7 Rxf4 45. b6 Kh5 46. Re7 Rf1+
47. Kh2 Ng4+ 48. Kg2 Rf2+ 49. Kg3 Rc2 50. Nd5 Rb2 51. b7 Rb3+ 52. Kf4 c3 53.
Nxc3 Rxc3 54. b8=Q 1-0

[Event "MCR_CF06"]
[Site "?"]
[Date "2005.??.??"]
[Round "?"]
[White "Houdek, Vladimir"]
[Black "Goc, Pavel"]
[Result "1-0"]
[WhiteElo "2155"]
[BlackElo "2106"]
[PlyCount "59"]
[EventDate "2005.??.??"]
[EventType "corr"]
[EventRounds "2"]
[SourceDate "2005.10.20"]

1. d4 d5 2. c4 dxc4 3. Nf3 Nf6 4. e3 e6 5. Bxc4 c5 6. O-O a6 7. Qe2 b5 8. Bb3
Bb7 9. Rd1 Nbd7 10. Nc3 Qb8 11. d5 c4 12. dxe6 fxe6 13. Bc2 Bd6 14. Ng5 Nc5 15.
f4 O-O 16. b4 Nd3 17. Bxd3 cxd3 18. Qb2 Bd5 19. Nxd5 exd5 20. Rxd3 Qa7 21. Bd2
Bxf4 22. Ne6 Ng4 23. Nxf4 Rxf4 24. h3 Nf6 25. Bc3 Ne4 26. Bxg7 Rf2 27. Qe5 Qf7
28. Qxd5 Qxd5 29. Rxd5 Kxg7 30. Re5 1-0

[Event "MCR_CF06"]
[Site "?"]
[Date "2005.??.??"]
[Round "?"]
[White "Sojka, Vaclav"]
[Black "Voboril, Pavel"]
[Result "1-0"]
[WhiteElo "2000"]
[BlackElo "2004"]
[PlyCount "29"]
[EventDate "2005.??.??"]
[EventType "corr"]
[EventRounds "2"]
[SourceDate "2005.10.20"]

1. d4 Nf6 2. c4 e6 3. Nf3 Bb4+ 4. Bd2 a5 5. a3 Bxd2+ 6. Nbxd2 a4 7. e4 d6 8.
Bd3 Ra5 9. Bc2 Bd7 10. e5 dxe5 11. dxe5 Ng4 12. b4 axb3 13. Nxb3 Rxe5+ 14. Nxe5
Nxe5 15. f4 1-0